Statistics for Elements by Picture Quiz

Click here to take the quiz!

General Stats

  • This quiz has been taken 18,743 times
    (18,712 since last reset)
  • The average score is 11 of 16

Answer Stats

Answer% Correct
Gold
100%
Helium / Hydrogen
92%
Mercury
88%
Iron
87%
Potassium
85%
Neon
83%
Sodium
78%
Aluminium / Tin
76%
Chlorine
75%
Calcium
72%
Carbon
66%
Uranium
48%
Lead
41%
Chromium
41%
Silicon
40%
Tungsten
35%

Score Distribution

Percentile by Number Answered

Percent of People with Each Score

Your Score History

You have not taken this quiz since the last reset